Biblioteca y Centro de Documentación

Curso escolar 2003/2004 (Registro nro. 15595)

Detalles MARC
000 -CABECERA
Longitud fija campo de control 01574nam a2200397 c 4500
001 - NÚMERO DE CONTROL
Número de control 15595
003 - IDENTIFICADOR DE NÚMERO DE CONTROL
Identificador del número de control ES-MaCES
005 - FECHA Y HORA DE LA ÚLTIMA TRANSACCIÓN
Fecha y hora de la última transacción 20141221122356.0
008 - CAMPO FIJO DE DESCRIPCIÓN FIJA--INFORMACIÓN GENERAL
Códigos de información de longitud fija   030923s2003 sp d s o000 | spa d
017 ## - NÚMERO DE REGISTRO DE DERECHOS DE AUTOR Y DEPÓSITO LEGAL
Número de copyright o de depósito legal M 36966-2003
Agencia que asigna el número DL
024 7# - OTROS IDENTIFICADORES
Número normalizado o código 176-03-234-7
Fuente del número o código nipo
035 ## - NÚMERO DE CONTROL DEL SISTEMA
Número de control del sistema CES20030013239m
040 ## - FUENTE DE CATALOGACIÓN
Centro catalogador de origen ES-MaCES
Lengua de catalogación spa
Centro transcriptor ES-MaCES
245 00 - MENCIÓN DE TÍTULO
Título Curso escolar 2003/2004
Resto del título : datos y cifras
Mención de responsabilidad, etc. [Ministerio de Educación, Cultura y Deporte, Dirección General de Programación Económica, Personal y Servicios, Oficina e Estadística]
246 3# - FORMA VARIANTE DEL TÍTULO
Título propio ; Título en breve Datos básicos de la educación en España en el curso 2003/2004
260 ## - PUBLICACIÓN, DISTRIBUCIÓN, ETC (PIE DE IMPRENTA)
Lugar de publicación, distribución, etc. [Madrid]
Nombre del editor, distribuidor, etc. Secretaría General Técnica, Sudirección General de Información y Publicaciones
Fecha de publicación, distribución, etc. [2003]
300 ## - DESCRIPCIÓN FÍSICA
Extensión 1 cuadernillo (24 p.)
Otras características físicas gráf. col.
Dimensiones 18 cm
500 ## - NOTA GENERAL
Nota general Tít. tomado de la cub
500 ## - NOTA GENERAL
Nota general Tit. del índice: Datos básicos de la educación en España en el curso 2003/2004
541 ## - NOTA DE LA FUENTE INMEDIANTE DE ADQUISICIÓN
Forma de adquisición Gratuito
650 #4 - ASIENTO SECUNDARIO DE MATERIA--TÉRMINO DE MATERIA
Término de materia o nombre geográfico como elemento inicial educación
9 (RLIN) 27367
650 #4 - ASIENTO SECUNDARIO DE MATERIA--TÉRMINO DE MATERIA
Término de materia o nombre geográfico como elemento inicial sistema educativo
9 (RLIN) 27375
650 #4 - ASIENTO SECUNDARIO DE MATERIA--TÉRMINO DE MATERIA
Término de materia o nombre geográfico como elemento inicial presupuesto de la educación
9 (RLIN) 27398
650 #4 - ASIENTO SECUNDARIO DE MATERIA--TÉRMINO DE MATERIA
Término de materia o nombre geográfico como elemento inicial gasto público
9 (RLIN) 28076
650 #4 - ASIENTO SECUNDARIO DE MATERIA--TÉRMINO DE MATERIA
Término de materia o nombre geográfico como elemento inicial beca
9 (RLIN) 27403
650 #4 - ASIENTO SECUNDARIO DE MATERIA--TÉRMINO DE MATERIA
Término de materia o nombre geográfico como elemento inicial España
9 (RLIN) 26964
650 #4 - ASIENTO SECUNDARIO DE MATERIA--TÉRMINO DE MATERIA
Término de materia o nombre geográfico como elemento inicial 2003-2004
9 (RLIN) 31716
650 #4 - ASIENTO SECUNDARIO DE MATERIA--TÉRMINO DE MATERIA
Término de materia o nombre geográfico como elemento inicial datos estadísticos
9 (RLIN) 30765
650 #4 - ASIENTO SECUNDARIO DE MATERIA--TÉRMINO DE MATERIA
Término de materia o nombre geográfico como elemento inicial directorio
9 (RLIN) 28972
653 10 - TÉRMINO DE INDEXACIÓN--NO CONTROLADO
Término no controlado Estadísticas económico-sociales
710 1# - ENCABEZAMIENTO SECUNDARIO--NOMBRE CORPORATIVO
Nombre de entidad o nombre de jurisdicción como elemento inicial España
Unidad subordinada Ministerio de Educación, Cultura y Deporte
9 (RLIN) 3239
787 0# - ENTRADA DE OTRAS ESPECIFICACIONES
Título Curso escolar 2001/2002
Número de control del registro relacionado (ES-MaCES)12868
902 ## - CES. TIPO DE DOCUMENTO
Tipodoc (006$c Sirtex) DOC Literatura gris
942 ## - ELEMENTOS KOHA
Fuente de clasificaión o esquema Clasificación propia del CES
Koha [por defecto] tipo de item Monografías
Parte de clasificación 8.2.
Existencias
Número de registro Signatura completa Tipo de item de Koha
053730 DOC-8.2.-52 Monografías
© CES, Consejo Económico y Social de España 2021